00271nam a2200109Ia 4500008004100000082001600041100001400057245003600071250000800107260003700115300000900152191201s2011 xx 000 0 und d a621.57bSAR aSARAO, AS 0aRefrigeration and Airconditiong aRep c2011bSatya PrakashanaNEW DELHI amise